Periferias culturales: aproximación introductoria al etnocentrismo /
El autor toca el tema del etnocentrismo donde establece una serie de conexiones con lo que caracteriza la situación actual del indigenismo en México, a través de la desaparición del INI y su reemplazo burocrático y sexenal por la CDI., donde el autor busca criticar el etnocentrismo en general y trae...
Bewaard in:
| Hoofdauteur: | |
|---|---|
| Formaat: | Texto |
| Onderwerpen: | |
| Tags: |
Voeg label toe
Geen labels, Wees de eerste die dit record labelt!
|
MARC
| LEADER | 00000 a a2200000 04500 | ||
|---|---|---|---|
| 001 | 14357 | ||
| 003 | |||
| 040 | |||
| 100 | |a Schaffhauser, Philippe | ||
| 245 | |a Periferias culturales: |b aproximación introductoria al etnocentrismo / |c Philippe Schaffhauser | ||
| 520 | |a El autor toca el tema del etnocentrismo donde establece una serie de conexiones con lo que caracteriza la situación actual del indigenismo en México, a través de la desaparición del INI y su reemplazo burocrático y sexenal por la CDI., donde el autor busca criticar el etnocentrismo en general y traer a colación algunos elementos que ponen de manifiesto los retos indigenistas actuales que orientan políticas y programas del estado mexicano hacia grupos culturales como las comunidades indígenas de ese país, a sabiendas de que dicha postura es, a su vez, etnocentrista. Finalmente, el artículo debe entenderse como un acercamiento al problema del etnocentrismo y no en tanto fruto de una investigación | ||
| 650 | |a GRUPOS ETNICOS | ||
| 650 | |a POBLACION INDIGENA | ||
| 650 | |a MEXICO | ||
| 773 | |g volumen 11, número 1; páginas 17-26 | ||
| 999 | |c 24594 |d 24594 | ||
